000 01148nam a22003014a 4500
001 ebr10186086
003 CaPaEBR
006 m u
007 cr cn|||||||||
008 050803s2006 ne a sb 001 0 eng
010 _z 2005022278
020 _z0120884739 (casebound : alk. paper)
040 _aCaPaEBR
_cCaPaEBR
035 _a(OCoLC)154211173
050 1 4 _aHV8077
_b.H22 2006eb
082 0 4 _a363.25/62
_222
100 1 _aHaag, Lucien C.
245 1 0 _aShooting incident reconstruction
_h[electronic resource] /
_cLucien Haag.
250 _a1st ed.
260 _aAmsterdam ;
_aBoston :
_bElsevier Academic Press,
_c2006.
300 _axix, 344 p. :
_bill.
504 _aIncludes bibliographical references and index.
533 _aElectronic reproduction.
_bPalo Alto, Calif. :
_cebrary,
_d2013.
_nAvailable via World Wide Web.
_nAccess may be limited to ebrary affiliated libraries.
650 0 _aForensic ballistics.
655 7 _aElectronic books.
_2local
710 2 _aebrary, Inc.
856 4 0 _uhttp://site.ebrary.com/lib/rucke/Doc?id=10186086
_zAn electronic book accessible through the World Wide Web; click to view
999 _c145139
_d145139